The small voice of history (Record no. 263)

MARC details
000 -LEADER
fixed length control field 00454 a2200169 4500
001 - CONTROL NUMBER
control field 066071
003 - CONTROL NUMBER IDENTIFIER
control field OSt
005 - DATE AND TIME OF LATEST TRANSACTION
control field 20210909144241.0
008 - FIXED-LENGTH DATA ELEMENTS--GENERAL INFORMATION
fixed length control field
082 ## - DEWEY DECIMAL CLASSIFICATION NUMBER
Classification number 954.03
Item number G93S
100 1# - MAIN ENTRY--PERSONAL NAME
Personal name Guha, Ranajit
245 1# - TITLE STATEMENT
Title The small voice of history
Statement of responsibility, etc by Ranajit Guha
260 ## - PUBLICATION, DISTRIBUTION, ETC. (IMPRINT)
Place of publication, distribution, etc UK
Name of publisher, distributor, etc Permanent Black
Date of publication, distribution, etc 2009
300 ## - PHYSICAL DESCRIPTION
Extent 666p.
690 ## - LOCAL SUBJECT ADDED ENTRY--TOPICAL TERM (OCLC, RLIN)
Topical term or geographic name as entry element India; British Occupation of India (1765-1947); Historiography
942 ## - ADDED ENTRY ELEMENTS (KOHA)
Source of classification or shelving scheme Dewey Decimal Classification
Koha item type Books
Holdings
Withdrawn status Lost status Source of classification or shelving scheme Damaged status Not for loan Collection code Home library Current library Date acquired Source of acquisition Cost, normal purchase price Full call number Barcode Date last seen Price effective from Koha item type
    Dewey Decimal Classification     General Text Book Central University Of Rajasthan Central University Of Rajasthan 07/03/2012 ENG 895.00 954.03 G93S 357 21/11/2024 02/09/2020 Books